000 00630nam a2200253Ia 4500
005 20260121155351.0
008 008 260114s9999 xx 000 0 eng d
020 _a9781003088844
037 _aEBOOK
040 _aCRL
040 _beng
040 _cCRL
041 _2eng
041 _aeng
084 _qCRL
100 _a Jack P Greene
_91018635
245 4 _aThe American Colonies and the British Empire, 1607-1783, Part I
260 _bTaylor and Francis
260 _c2020
856 _uhttp://www.taylorfrancis.com/books/9781003088844
942 _cEBOOK
999 _c1585454
_d1585454